000
00313nam a2200133Ia 4500
008
150201s2007 xx 000 0 und d
082
_a
615
_b
F07S
100
_a
SIDDIQU,ANEES A
245
_a
FORENSIC PHARMACY
250
_a
1ST
260
_b
TARA PUB.
_a
DELHI
_c
2007
650
_a
FORENSIC MEDICINE
942
_2
ddc
_c
BK
999
_c
878
_d
878